| 000 | 00514nam a2200181Ia 4500 | ||
|---|---|---|---|
| 008 | 100920s9999 xx 000 0 und d | ||
| 082 |
_b93250 _a--- थ 89 |
||
| 100 | _aकदम बाबा. | ||
| 245 | _aघायाळ. | ||
| 260 |
_bशशिदीप प्रकाशन, पुणे. _c1989 |
||
| 300 |
_a332 _bसाधी |
||
| 365 | _b200 | ||
| 520 | _aकादंबरी. | ||
| 630 | _aघायाळ. | ||
| 650 | _aकादंबरी. | ||
| 730 | _aघायाळ. | ||
| 942 | _cBOOK | ||
| 999 |
_c733693 _d733690 |
||